Poesía Brossa /

Guardat en:
Dades bibliogràfiques
Autor principal: Brossa, Joan (artista)
Autor corporatiu: Museu d'Art Contemporani de Barcelona
Altres autors: Grandas, Teresa (curaduría) (curaduría), Romero, Pedro G. (curaduría) (curaduría), Capodevila, Ester (edición) (edición), Plasencia, Clara (edición) (edición), Barenblit, Ferran (presentación) (presentación), Quincoces, Fernando (traducción) (traducción), Padilla, Victoria (traducción) (traducción), Alegre Heitzmann, Alfonso (traducción) (traducción)
Format: Llibre
Idioma:espanyol
Publicat: Barcelona, España : Museu d'Art Contemporani de Barcelona, 2018, c2018
Matèries:
Etiquetes: Afegir etiqueta
Sense etiquetes, Sigues el primer a etiquetar aquest registre!

MARC

LEADER 00000nam^a2200000^a^4500
001 000416515
005 20250521000000.0
009 20260526144143.405
020 |a 978-84-92505-95-1 
037 |a Acervo ITESO - Biblioteca 
041 |a ESP 
082 |a 709. 46  |b BRO GRA 
100 |a Brossa, Joan  |e (artista) 
245 1 0 |a Poesía Brossa /  |c Artista Joan Brossa ; curaduría de T. Grandas, P.G. Romero ; ed. de E. Cpodevila, C. Plasencia ; presen. de F. Barenblit ; tr. por F. Quincoes, V. Padilla, A. Alegre Heitzmann. 
264 4 |a Barcelona, España :  |b Museu d'Art Contemporani de Barcelona,  |c 2018, c2018 
300 |a 352 p., [16 láminas] 
336 |a texto  |b txt  |2 rdacontenido 
337 |a sin mediación  |b n  |2 rdamedio 
338 |a volumen  |b nc  |2 rdasoporte 
521 |a FIL 2019 EEnlace Departamento de Estudios Socioculturales 
649 |a XX 
650 |a Artistas Españoles 
650 |a Museu d'Art Contemporani de Barcelona 
650 |a Museos y Galerías -  |z España -  |x Exposiciones -  |x Catálogos 
650 |a Poesía Visual -  |z España -  |x Exposiciones -  |x Tema Principal 
650 |a Poesía Catalana 
650 |a Poesía Catalana -  |x Historia y Crítica 
650 |a Poesía Española 
650 |a Poesía Española -  |x Historia y Crítica 
650 |a Literatura Catalana -  |y Siglo XX 
650 |a Literatura Española -  |y Siglo XX 
650 |a Performances y Happenings -  |z España -  |x Exposiciones 
650 |a Performances y Happenings -  |z España -  |x Historia y Crítica 
650 |a Dadaísmo -  |z España 
650 |a Surrealismo -  |z España 
650 |a Arte Objeto -  |z España -  |x Exposiciones 
650 |a Arte Objeto -  |z España -  |x Historia y Crítica 
650 |a Video-Arte -  |z España -  |x Exposiciones 
650 |a Video-Arte -  |z España -  |x Historia y Crítica 
650 |a Arte Efímero -  |z España -  |x Exposiciones 
650 |a Arte Efímero -  |z España -  |x Historia y Crítica 
650 |a Arte (Tendencias Recientes) -  |z España -  |x Exposiciones 
650 |a Arte (Tendencias Recientes) -  |z España -  |x Historia y Crítica 
650 |a Arte Español -  |y Siglo XX 
650 |a Brossa, Joan -  |x Tema Principal 
710 |a Museu d'Art Contemporani de Barcelona 
700 |a Grandas, Teresa  |e (curaduría) 
700 |a Romero, Pedro G.  |e (curaduría) 
700 |a Capodevila, Ester  |e (edición) 
700 |a Plasencia, Clara  |e (edición) 
700 |a Barenblit, Ferran  |e (presentación) 
700 |a Quincoces, Fernando  |e (traducción) 
700 |a Padilla, Victoria  |e (traducción) 
700 |a Alegre Heitzmann, Alfonso  |e (traducción) 
910 |a Fondo General 
920 |a Impresos - Libros 
930 |a Colección General 
905 |a 101 
901 |a 0500326431  |b IT1  |c ACC  |i C168277  |u 20250521 
902 |a https://opac.biblio.iteso.mx/vufind/Record/000416515